[Event "Premier Quad, S40289"]
[Site "CCLA"]
[Date "2014.09.15"]
[Round "?"]
[White "Holmer, Arthur E."]
[Black "Smail, John"]
[Result "1-0"]
[WhiteElo "1860"]
[BlackElo "1836"]

1. d4 e6 2. Nf3 Nf6 3. e3 Be7 4. c4 O-O 5. Nbd2 b6 6. Bd3 Bb7 7. O-O d5 8.
 b3 Ne4 9. Qc2 f5 10. cxd5 exd5 11. Ne5 Nd7 12. Ndf3 Bf6 13. Bb2 Rc8 14. 
Nc6 Bxc6 15. Qxc6 Ndc5 16. Be2 Qd7 17. Qxd7 Nxd7 18. Ne5 Nxe5 19. dxe5 Be7
20. f3 Ng5 21. Rac1 c5 22. Rfd1 Rcd8 23. Rxd5 1-0

[Event "Premier Quad, S40289"]
[Site "CCLA"]
[Date "2014.09.15"]
[Round "?"]
[White "Holmer, Arthur E."]
[Black "Disque, Philip"]
[Result "1-0"]
[WhiteElo "1860"]
[BlackElo "1669"]

1. d4 Nf6 2. Nf3 c5 3. e3 e6 4. Bd3 Nc6 5. c3 b6 6. Nbd2 Bb7 7. O-O cxd4 
8. exd4 Bd6 9. Re1 Qc7 10. Nc4 Bf4 11. Bxf4 Qxf4 12. Qe2 Ke7 13. Qe3 Nd5 
14. Qe2 Qg4 15. Ne3 Nxe3 16. Qxe3 Nd8 17. h3 Qh5 18. Be2 Qg6 19. c4 f6 20.
 Rad1 d5 21. Rc1 Kd7 22. cxd5 Bxd5 23. Bb5+ Ke7 24. Rc7+ Kf8 25. Qa3+ Kg8 
26. Nh4 Qg5 27. Qe7 h5 28. Bd3 f5 29. Qxg5 1-0

[Event "Herbert W. Gustafson Memorial Open, S47049"]
[Site "CCLA"]
[Date "2014.10.27"]
[Round "?"]
[White "Laine, Jari"]
[Black "Weiss, Lester P."]
[Result "1-0"]
[WhiteElo "2144"]
[BlackElo "2131"]

1. d4 Nf6 2. Nf3 e6 3. Bg5 h6 4. Bxf6 Qxf6 5. e4 d6 6. Nc3 Nd7 7. Qd2 Qd8 
8. O-O-O a6 9. h4 b5 10. g4 Bb7 11. d5 e5 12. Kb1 Be7 13. Bd3 Nc5 14. g5 
b4 15. Ne2 c6 16. Bc4 Qb6 17. Ng3 h5 18. Ne1 g6 19. f4 exf4 20. Qxf4 O-O 
21. Nf3 Nd7 22. Rhg1 cxd5 23. exd5 Qc7 24. Nxh5 1-0

[Event "Premier Quad, S40259"]
[Site "CCLA"]
[Date "2014.08.18"]
[Round "?"]
[White "Capuzzi, Gabriele"]
[Black "Shannon, Paul D."]
[Result "0-1"]
[WhiteElo "1775"]
[BlackElo "1832"]

1. d4 Nf6 2. Bg5 e6 3. e4 h6 4. Bxf6 Qxf6 5. Nf3 d6 6. Nc3 Nd7 7. Qd2 a6 
8. Bd3 b5 9. a3 Bb7 10. O-O g6 11. Rfe1 Bg7 12. Rac1 O-O 13. Ne2 c5 14. c3
Qe7 15. Ng3 Rac8 16. Qe3 Rfd8 17. h3 Nb6 18. b3 d5 19. e5 c4 20. bxc4 Nxc4
21. Bxc4 Rxc4 22. Ra1 Rdc8 23. Ne2 Ra4 24. Qc1 Bf8 25. Nd2 Rxa3 26. Rxa3 
Qxa3 27. Qa1 Qxa1 28. Rxa1 b4 29. cxb4 Bxb4 30. Ra2 a5 31. Nf3 Ba6 32. Ng3
Bc4 33. Ra1 Bb3 34. Ne2 a4 35. Nc1 Bc3 0-1

[Event "3rd TCCL Friendly Server Tournament, 3rdTCCL"]
[Site "CCLA"]
[Date "2014.07.10"]
[Round "?"]
[White "Lyons, Gage W."]
[Black "Latta, Richard W."]
[Result "0-1"]
[WhiteElo "1252"]
[BlackElo "1396"]

1. d4 Nf6 2. Nf3 b6 3. Bg5 Ne4 4. Be3 d5 5. Nfd2 Nf6 6. f3 Nh5 7. g4 Nf6 
8. Bg2 Nc6 9. Nc3 e5 10. Bg5 Be7 11. dxe5 Nxe5 12. Bxf6 Bxf6 13. O-O Ng6 
14. Nb3 Nf4 15. Qd2 Bg5 16. e3 Ng6 17. f4 h5 18. Qxd5 Qe7 19. Qxa8 Qxe3+ 
20. Kh1 Nxf4 21. Qf3 Nxg2 22. Qxe3+ Nxe3 23. Rae1 Bb7+ 24. Kg1 hxg4 25. 
Nd1 g3 26. Nxe3 gxh2+ 27. Kf2 Bh4+ 0-1

[Event "Premier Quad, S40279"]
[Site "CCLA"]
[Date "2014.09.12"]
[Round "?"]
[White "Rasmussen, Bruce A."]
[Black "Catania, Duane"]
[Result "0-1"]
[WhiteElo "1539"]
[BlackElo "1774"]

1. d4 e6 2. Nf3 Nf6 3. e3 b6 4. Bd3 Bb7 5. O-O Be7 6. Nbd2 O-O 7. b3 d5 8.
 Bb2 c5 9. Ne5 Nbd7 10. f4 cxd4 11. exd4 Rc8 12. Rf3 Ne4 13. Rh3 f5 14. g4
Nxe5 15. fxe5 Ng5 16. gxf5 Nxh3+ 17. Kg2 Nf4+ 18. Kh1 Nxd3 19. Qf3 Nxb2 
20. a4 Rxf5 21. Qh3 Rxc2 22. Nf3 Nd3 23. Rg1 Nf2+ 24. Kg2 Nxh3+ 0-1

[Event "Premier Quad, S40279"]
[Site "CCLA"]
[Date "2014.09.12"]
[Round "?"]
[White "Rasmussen, Bruce A."]
[Black "Pronovost, David"]
[Result "0-1"]
[WhiteElo "1539"]
[BlackElo "1799"]

1. d4 Nf6 2. e3 e6 3. Nf3 b6 4. Bd3 Bb7 5. Nbd2 Be7 6. O-O O-O 7. b3 Nc6 
8. Bb2 Nb4 9. Be2 Rc8 10. c3 Nc6 11. Bd3 d5 12. Ne5 Bd6 13. f4 Qe7 14. Rf3
g6 15. g4 Bxe5 16. fxe5 Nxg4 17. Rh3 h5 18. Be2 Qg5 19. Rg3 Ne7 20. e4 
dxe4 21. Bxg4 hxg4 22. Rxg4 Qe3+ 23. Kh1 Qf2 24. Nxe4 Qxb2 25. Kg1 Bxe4 
26. Rxe4 Qxc3 27. Rh4 Qe3+ 28. Kf1 Nf5 29. Rg4 c5 30. h4 Qh3+ 31. Kf2 Ne3 
32. Rg3 Nxd1+ 0-1

[Event "Regular Quad, S40219"]
[Site "CCLA"]
[Date "2014.07.07"]
[Round "?"]
[White "Strelecky, Rich"]
[Black "Blankenship, Jerry T."]
[Result "0-1"]
[WhiteElo "1584"]
[BlackElo "1599"]

1. e3 Nf6 2. Nf3 g6 3. d4 d6 4. Bd3 Bg7 5. h3 O-O 6. Nc3 Nc6 7. O-O Nb4 8.
 a3 Nxd3 9. cxd3 c5 10. dxc5 dxc5 11. e4 a6 12. Re1 e6 13. e5 Nd5 14. Ne4 
b6 15. b3 Qc7 16. Bb2 Bb7 17. Rc1 Bh6 18. Rc4 Qe7 19. Nd6 Rad8 20. Nxb7 
Qxb7 21. Rh4 Bg7 22. Ng5 h6 23. Nf3 g5 24. Rg4 Nf4 25. Re3 Nd5 26. Re2 Nf4
27. Re3 Nd5 28. Ree4 Nf4 29. Re3 Qd7 30. Ne1 Nd5 31. Rf3 f6 32. exf6 Nxf6 
33. Ra4 Qb7 34. Qe2 Rde8 35. Re3 b5 36. Ra5 Qb6 37. Qd2 Nd5 38. Bxg7 Kxg7 
39. Re2 Ne7 40. Qc3+ Kg8 41. b4 cxb4 42. axb4 Nd5 43. Qc5 Rb8 44. Rea2 
Rfc8 45. Qxb6 Rxb6 46. Rxa6 Rxa6 47. Rxa6 Rc1 48. Rxe6 Nxb4 49. Kh2 Kf7 
50. Re4 Nd5 51. Nf3 Rc2 52. Kg3 b4 53. h4 b3 54. Ne5+ Kf6 55. Ng4+ Kg7 56.
 hxg5 hxg5 57. Re8 b2 58. Rb8 Nc3 59. Rb7+ Kf8 60. Rb8+ Ke7 61. Rb7+ Kd6 
62. Ne3 Kc6 63. Rb3 Ne2+ 64. Kg4 Nd4 65. Nxc2 Nxb3 66. Na3 Kc5 67. Nb1 Kd4
68. Na3 Nd2 69. f4 gxf4 70. Kxf4 Kc3 71. Ke3 Kb3 0-1

[Event "Regular Quad, S40219"]
[Site "CCLA"]
[Date "2014.07.07"]
[Round "?"]
[White "Strelecky, Rich"]
[Black "Laven, George"]
[Result "0-1"]
[WhiteElo "1584"]
[BlackElo "1834"]

1. e3 Nf6 2. Nf3 g6 3. d4 Bg7 4. Bd3 O-O 5. O-O d6 6. e4 Nbd7 7. Qe2 e5 8.
 d5 Re8 9. Bg5 h6 10. Bh4 g5 11. Bg3 Nxd5 12. Bc4 Nf4 13. Bxf4 exf4 14. c3
Nc5 15. Nbd2 Nxe4 16. Nxe4 Bf5 17. Bd5 c6 18. Bb3 Bxe4 19. Qd1 d5 20. Nd4 
c5 21. Nc2 d4 22. cxd4 cxd4 23. Qh5 Qf6 24. Ba4 Red8 25. Na3 d3 26. Nc4 
Qd4 27. Bb3 Bd5 28. Nd2 Bxb3 29. axb3 Qxb2 30. Rad1 Rac8 31. Qf3 Rc2 32. 
Rb1 Qa2 33. Rfd1 Rxd2 34. Qxb7 Rxf2 35. Rf1 Bd4 36. Kh1 Rxf1+ 37. Rxf1 Qe2
38. Qf3 Qxf3 39. gxf3 d2 40. Rd1 Bc3 0-1

[Event "Herbert W. Gustafson Memorial , S47179"]
[Site "CCLA"]
[Date "2014.10.27"]
[Round "?"]
[White "Lyons, Anthony W."]
[Black "Anderson, Lawrence D."]
[Result "0-1"]
[WhiteElo "1287"]
[BlackElo "1365"]

1. d4 Nf6 2. Nf3 g6 3. Nc3 Bg7 4. Bf4 d5 5. e3 O-O 6. h3 c5 7. dxc5 Qa5 8.
 Be5 Ne4 9. Bxg7 Kxg7 10. b4 Qxb4 11. Qd4+ Qxd4 12. Nxd4 Nxc3 13. Nb5 Nxb5
14. Bxb5 Bd7 15. Bxd7 Nxd7 0-1

[Event "Herbert W. Gustafson Memorial, S47209"]
[Site "CCLA"]
[Date "2014.10.27"]
[Round "?"]
[White "Lyons, Brenda M."]
[Black "Howard, James"]
[Result "1-0"]
[WhiteElo "1188"]
[BlackElo "1145"]

1. d4 Nf6 2. Nf3 g6 3. Nc3 e5 4. dxe5 Nc6 5. Bg5 Bc5 6. Bxf6 Be7 7. Bxh8 
Bb4 8. Bf6 Ne7 9. Bxe7 Qxe7 10. Qd2 d5 11. exd6 Qxd6 12. Qxd6 cxd6 13. e3 
Bf5 14. Bd3 Be6 15. a3 Bc5 16. O-O a5 17. a4 Ra6 18. Bxa6 bxa6 19. b3 Bf5 
20. Rac1 Ba3 21. Nd5 g5 22. Nxg5 h5 23. Nf6+ Ke7 24. Nxh5 f6 25. Ng3 Bg6 
26. N5e4 d5 27. Nc3 Ke6 28. Rcd1 Bxc2 29. Nxd5 Bxb3 30. Nc7+ Ke7 31. Nxa6 
Bxa4 32. Ra1 Bb5 33. Rxa3 Bxf1 34. Kxf1 f5 35. Rxa5 f4 36. exf4 Kd7 37. 
Re5 Kd6 38. h4 1-0

[Event "Herbert W. Gustafson Memorial Open, S47049"]
[Site "CCLA"]
[Date "2014.10.27"]
[Round "?"]
[White "Sereni, Vincent T."]
[Black "Young III, William C."]
[Result "1/2-1/2"]
[WhiteElo "2118"]
[BlackElo "2121"]

1. d4 Nf6 2. Nf3 g6 3. Bf4 Bg7 4. Nc3 d5 5. e3 O-O 6. Bd3 c5 7. O-O cxd4 
8. exd4 Bg4 9. Be2 e6 10. h3 Bxf3 11. Bxf3 Nc6 12. Qd3 Qb6 13. Ne2 Nd7 14.
 Be3 Rfc8 15. a3 Ne7 16. c3 Nf5 17. Bg5 Bf6 18. Bc1 Re8 19. Nf4 Rac8 20. 
Re1 Qc6 21. Qd1 b5 22. Nd3 a5 23. Bf4 Nb6 24. Bg4 h5 25. Be2 Nc4 26. Qc2 
a4 27. Rad1 Kg7 28. Qc1 Qb7 29. Nb4 Be7 30. Bd3 Bd6 31. Re2 Qc7 32. Be5+ 
Nxe5 33. dxe5 Bxe5 34. Bxb5 Rg8 35. Qc2 Bf6 36. Qxa4 Nd6 37. Ba6 Ra8 38. 
Qc2 Rgd8 39. Bd3 Rac8 40. Ba6 Ra8 41. Qb1 Nb7 42. Qc2 Nd6 43. Qb1 Nb7 44. 
Qc2 Nd6 45. Bd3 Nc4 46. Bxc4 Qxc4 47. Qd3 Qc7 48. Red2 Bg5 49. Rc2 Rac8 
50. Qb5 Be7 51. Re2 Bf6 52. Red2 Bg5 53. Na6 1/2-1/2

[Event "2nd TCCL Friendly Server Tournament, 2ndTCCL"]
[Site "CCLA"]
[Date "2014.06.15"]
[Round "?"]
[White "Lines, Daniel"]
[Black "Shaffer, Aaron"]
[Result "1-0"]
[WhiteElo "1589"]
[BlackElo "1383"]

1. d4 Nf6 2. Nf3 g6 3. Bf4 Bg7 4. c3 d6 5. h3 O-O 6. e3 Qe8 7. Be2 Nc6 8. 
O-O e5 9. Bh2 Nh5 10. Ne1 f5 11. Nd2 Nf6 12. b4 a6 13. Nd3 g5 14. a4 e4 
15. Nb2 Qg6 16. b5 Ne7 17. b6 f4 18. bxc7 f3 19. gxf3 exf3 20. Bd3 Qh6 21.
 Qxf3 Bxh3 22. Qxb7 Bxf1 23. Nxf1 Ng4 24. Bg3 Rac8 25. Nc4 d5 26. Nb6 Qh3 
27. Nxd5 Nxd5 28. Qxd5+ Rf7 29. Bxa6 Rf8 30. c8=Q Rxc8 31. Bxc8 Qh5 32. 
Be6 Nh6 33. Qd8+ Bf8 34. Bxf7+ Nxf7 35. Qd5 Qg6 36. a5 Bd6 37. Bxd6 Qxd6 
38. Qxd6 1-0

[Event "Herbert W. Gustafson Memorial Open, S47049"]
[Site "CCLA"]
[Date "2014.10.27"]
[Round "?"]
[White "Laine, Jari"]
[Black "Young III, William C."]
[Result "1/2-1/2"]
[WhiteElo "2144"]
[BlackElo "2121"]

1. d4 Nf6 2. Nf3 g6 3. g3 Bg7 4. Bg2 O-O 5. O-O d6 6. a4 a5 7. b3 e5 8. 
dxe5 dxe5 9. Ba3 Re8 10. Nc3 Nc6 11. Ng5 Bf5 12. Bxc6 bxc6 13. e4 Bd7 14. 
Qe2 Qc8 15. Rad1 h6 16. Nf3 Nh7 17. Rd3 Bh3 18. Re1 Nf8 19. Nd1 Ne6 20. 
Ne3 f5 21. Nd2 f4 22. Nec4 h5 23. Kh1 Rd8 24. Rg1 Rxd3 25. Qxd3 Qd8 26. 
Nf3 Qxd3 27. cxd3 Rd8 28. Ne1 Nd4 29. gxf4 Kf7 30. fxe5 Bg4 31. Bb2 Nxb3 
32. Bc3 c5 33. f4 Nd4 34. Rf1 Bh3 1/2-1/2

[Event "Summer Server Series, S40071"]
[Site "CCLA"]
[Date "2014.07.28"]
[Round "?"]
[White "Greco, Tom"]
[Black "Evans, Stanley W."]
[Result "1/2-1/2"]
[WhiteElo "1644"]
[BlackElo "1787"]

1. d4 Nf6 2. c4 Nc6 3. Nc3 e5 4. d5 Ne7 5. e4 Ng6 6. Be3 Bb4 7. f3 O-O 8. 
Ne2 d6 9. a3 Bc5 10. Qd2 Bxe3 11. Qxe3 c5 12. Ng3 Nf4 13. Nce2 N6h5 14. 
Nxh5 Nxh5 15. g3 Nf6 16. b4 b6 17. Bg2 cxb4 18. axb4 Qc7 19. Rc1 Ba6 20. 
b5 Bc8 21. O-O a5 22. Rc2 Bd7 23. Kh1 Bxb5 24. Qb3 Bd7 25. Rb1 Rfb8 26. 
Nc3 a4 27. Qb4 b5 28. Rcb2 bxc4 29. Qxb8+ Rxb8 30. Rxb8+ Be8 31. Nxa4 c3 
32. Nxc3 Qxc3 33. h3 g5 34. Rd8 Qc5 35. Rbb8 Kf8 36. Rdc8 Qf2 1/2-1/2

[Event "Herbert W. Gustafson Memorial, S47139"]
[Site "CCLA"]
[Date "2014.10.27"]
[Round "?"]
[White "Metz, Edward"]
[Black "Lasley, Matthew"]
[Result "0-1"]
[WhiteElo "1398"]
[BlackElo "1514"]

1. d4 Nf6 2. c4 e5 3. e3 exd4 4. exd4 Bb4+ 5. Bd2 Bxd2+ 6. Nxd2 O-O 7. 
Ngf3 Re8+ 8. Be2 Qe7 9. a3 d5 10. Ne5 c5 11. cxd5 Nxd5 12. Ndf3 cxd4 13. 
Qxd4 Nf6 14. O-O Nbd7 15. Nxd7 Bxd7 16. Rfe1 b6 17. Bc4 Qc5 18. Qxc5 bxc5 
19. Ne5 Be6 20. Bb5 Red8 21. Rac1 Nd7 22. Bxd7 Bxd7 23. Rxc5 Re8 24. Rc7 
Be6 25. h3 Rab8 26. b4 a6 27. Ra7 Bc4 28. Re3 Bb5 29. Rxf7 Rxe5 0-1

[Event "Herbert W. Gustafson Memorial, S47159"]
[Site "CCLA"]
[Date "2014.10.27"]
[Round "?"]
[White "Leber, David"]
[Black "Latta, Richard W."]
[Result "0-1"]
[WhiteElo "1375"]
[BlackElo "1396"]

1. d4 Nf6 2. c4 e5 3. dxe5 Ng4 4. Nf3 Nc6 5. Bg5 Be7 6. Bxe7 Qxe7 7. Nc3 
Ncxe5 8. Nd5 Qc5 9. e3 Nxf2 10. Kxf2 Ng4+ 11. Ke1 O-O 12. Qd4 Qa5+ 13. Kd1
Nf2+ 14. Kc2 d6 15. Rg1 Bf5+ 16. Kc1 c5 17. Qd2 Qa4 18. Ne7+ Kh8 19. Nxf5 
Ne4 20. Qd5 Rae8 21. Be2 Qb4 22. Bd3 Nf2 23. Nxd6 Rxe3 24. Nxf7+ Kg8 25. 
N7g5+ Kh8 26. Bxh7 Nd3+ 27. Kd1 Nxb2+ 28. Kc1 Rc3+ 29. Kd2 Rd3+ 30. Ke2 
Rxd5 31. cxd5 Qc4+ 32. Kf2 Qh4+ 33. g3 Qxg5 34. Be4 Qd2+ 35. Kf1 Nd3 36. 
Rg2 Qe3 37. Bxd3 Rxf3+ 0-1

[Event "Herbert W. Gustafson Memorial, S47139"]
[Site "CCLA"]
[Date "2014.10.27"]
[Round "?"]
[White "Sanchez, David A."]
[Black "Lasley, Matthew"]
[Result "0-1"]
[WhiteElo "1471"]
[BlackElo "1514"]

1. d4 Nf6 2. c4 e5 3. dxe5 Ng4 4. Bf4 Bb4+ 5. Nd2 d6 6. Qa4+ Nc6 7. Nf3 
dxe5 8. Be3 O-O 9. a3 Nxe3 10. axb4 Nxf1 11. Kxf1 Re8 12. Rd1 Bf5 13. e4 
Bg6 14. Nh4 Qxh4 0-1

[Event "Herbert W. Gustafson Memorial, S47159"]
[Site "CCLA"]
[Date "2014.10.27"]
[Round "?"]
[White "Cangelosi, Dominic"]
[Black "Latta, Richard W."]
[Result "1-0"]
[WhiteElo "1415"]
[BlackElo "1396"]

1. d4 Nf6 2. c4 e5 3. dxe5 Ng4 4. Nf3 Nc6 5. Bf4 Bb4+ 6. Nbd2 Nd4 7. Nxd4 
Bc5 8. N2b3 Bb4+ 9. Nd2 f6 10. exf6 Nxf2 11. Kxf2 Qxf6 12. e3 O-O 13. Ne4 
Qh6 14. Kg1 g5 15. Qg4 d5 16. Qxg5+ Qxg5 17. Nxg5 c5 18. Nde6 Rf6 19. Nc7 
Rb8 20. Nxd5 Rh6 21. Bxb8 Bd2 22. Rd1 Ba5 23. Ne7+ Kf8 24. Nxc8 Rh5 25. 
Rd5 b6 26. Ne6+ Kf7 27. Rxh5 Bd2 28. Re5 Kf6 29. h4 Bc1 30. Rh3 Bxb2 31. 
Rf3+ Kg6 32. Ne7+ Kh6 33. Rf6# 1-0

[Event "Herbert W. Gustafson Memorial, S47139"]
[Site "CCLA"]
[Date "2014.10.27"]
[Round "?"]
[White "Nolan, Robert"]
[Black "Lasley, Matthew"]
[Result "1-0"]
[WhiteElo "1511"]
[BlackElo "1514"]

1. d4 Nf6 2. c4 e5 3. dxe5 Ng4 4. Bf4 Nc6 5. Nf3 Bb4+ 6. Nbd2 Qe7 7. e3 
Ngxe5 8. Nxe5 Nxe5 9. Be2 a5 10. O-O O-O 11. a3 Bxd2 12. Qxd2 d6 13. b4 
axb4 14. axb4 Bf5 15. Qc3 Ng6 16. Bg3 h5 17. Bxh5 Ne5 18. Be2 Rfe8 19. 
Rxa8 Rxa8 20. Ra1 Rxa1+ 21. Qxa1 c6 22. h3 Bd3 23. Bxe5 Bxe2 24. Bxg7 Bxc4
25. Bc3 Bd5 26. Qa8+ Qf8 27. Qxb7 Qe8 28. Bd4 Qe6 29. Qb8+ Kh7 30. Qh8+ 
Kg6 31. Qg7+ Kf5 32. Qg4# 1-0

[Event "Regular Quad, S40449"]
[Site "CCLA"]
[Date "2014.12.19"]
[Round "?"]
[White "Strelecky, Rich"]
[Black "Smiley, William R."]
[Result "1/2-1/2"]
[WhiteElo "1584"]
[BlackElo "1530"]

1. e3 e5 2. c4 d6 3. Nc3 Nf6 4. d4 exd4 5. exd4 Be7 6. h3 O-O 7. Bd3 h6 8.
 Nf3 c6 9. O-O Nbd7 10. Re1 Re8 11. Bf4 Nf8 12. d5 Bd7 13. Nd4 c5 14. Nf5 
Bxf5 15. Bxf5 N8d7 16. Ne4 Nxe4 17. Bxe4 Bf6 18. Qc2 Nf8 19. Re2 Be5 20. 
Bxe5 Rxe5 21. a3 Qf6 22. Bf3 Rae8 23. Rae1 Qg5 24. b4 Rxe2 25. Rxe2 Rxe2 
26. Bxe2 b6 27. bxc5 bxc5 28. g3 Ng6 29. Kf1 Qe7 30. h4 Qd7 31. Kg2 Ne7 
32. f4 Nf5 33. Qd2 Nd4 34. Bd3 Qg4 35. Qe3 Kf8 36. Kf2 Qd7 37. Qd2 Qg4 38.
 Qe3 Qd7 39. Kg2 Qg4 40. Kf2 Qd7 41. Qc1 Qg4 1/2-1/2

[Event "Herbert W. Gustafson Memorial Open, S47019"]
[Site "CCLA"]
[Date "2014.10.27"]
[Round "?"]
[White "Vaughan, James"]
[Black "Belanoff, Stuart"]
[Result "1/2-1/2"]
[WhiteElo "2270"]
[BlackElo "2265"]

1. c4 g6 2. Nc3 c5 3. e3 Nf6 4. d4 Bg7 5. d5 O-O 6. Nf3 d6 7. Be2 e6 8. 
O-O exd5 9. cxd5 Bg4 10. h3 Bxf3 11. Bxf3 Nbd7 12. Bd2 c4 13. b4 Rc8 14. 
Qc2 Qe7 15. a4 a6 16. Rac1 Nh5 17. Bxh5 gxh5 18. Ne2 Ne5 19. Nf4 Qg5 20. 
Bc3 Ng6 21. Bxg7 Nxf4 22. exf4 Qxg7 23. a5 Rfe8 24. Qf5 c3 25. Rfe1 Rxe1+ 
26. Rxe1 Rf8 27. Rc1 h4 28. Qh5 Rc8 29. Qxh4 c2 30. f5 h6 31. Qf4 Qg5 32. 
Qxg5+ hxg5 33. Kf1 Kg7 34. Ke2 Rc4 35. g4 Kf6 36. Kd2 Rxb4 37. Rxc2 Rb5 
38. Rc7 Rxd5+ 39. Ke3 Rxa5 40. Rxb7 Ra3+ 41. Ke4 Rxh3 42. Rb6 Ra3 43. 
Rxd6+ Kg7 44. f3 a5 45. Ra6 Ra4+ 46. Ke5 Ra3 47. Ke4 Ra4+ 48. Ke5 Ra3 49. 
Ke4 Ra4+ 1/2-1/2

[Event "Continuous Server Series, S40189"]
[Site "CCLA"]
[Date "2014.06.06"]
[Round "?"]
[White "Cangelosi, Dominic"]
[Black "Wolff, Nicholas"]
[Result "0-1"]
[WhiteElo "1415"]
[BlackElo "1568"]

1. d4 c5 2. d5 e5 3. e4 d6 4. c4 Nf6 5. Nc3 Be7 6. f4 Bg4 7. Nf3 O-O 8. 
Be2 Nbd7 9. O-O a6 10. b3 exf4 11. Bxf4 Nh5 12. Bc1 Bf6 13. Bb2 Nf4 14. h3
Bh5 15. Kf2 Bh4+ 16. Nxh4 Qxh4+ 17. Kg1 Qg3 18. Bf3 Nxh3+ 19. Kh1 Nf2+ 20.
 Rxf2 Qxf2 21. Bxh5 Qxb2 22. Ne2 Ne5 23. Ng3 g6 24. Be2 Qd4 25. Qxd4 cxd4 
26. Rd1 d3 27. Bxd3 Nxd3 28. Rxd3 b6 29. a4 a5 30. Rf3 Kg7 31. Ne2 f5 32. 
Nd4 fxe4 33. Ne6+ Kg8 34. Rxf8+ Rxf8 35. Nxf8 Kxf8 36. Kg1 Kf7 37. Kf2 Kf6
0-1

[Event "Regular Quad, S40419"]
[Site "CCLA"]
[Date "2014.12.01"]
[Round "?"]
[White "Stevenson, Wayne"]
[Black "Miller, Allan A."]
[Result "1-0"]
[WhiteElo "1540"]
[BlackElo "1563"]

1. d4 c5 2. d5 e5 3. c4 d6 4. e4 Nf6 5. Nc3 Be7 6. Nf3 Bg4 7. Be2 Nbd7 8. 
h3 Bxf3 9. Bxf3 Nf8 10. Qa4+ N6d7 11. O-O a6 12. Be3 h6 13. b4 b6 14. bxc5
bxc5 15. Rfb1 Rb8 16. Rxb8 Qxb8 17. Qxa6 Ng6 18. Rb1 Qd8 19. Rb7 O-O 20. 
a4 Nf6 21. a5 Nf4 22. Nb5 g5 23. Nc7 h5 24. Qc6 g4 25. a6 gxf3 26. Bxf4 
exf4 27. a7 1-0

[Event "Regular Quad, S40299"]
[Site "CCLA"]
[Date "2014.09.15"]
[Round "?"]
[White "Miller, Allan A."]
[Black "Blankenship, Jerry T."]
[Result "0-1"]
[WhiteElo "1563"]
[BlackElo "1599"]

1. d4 Nf6 2. c4 c5 3. d5 b5 4. Nf3 g6 5. Qc2 d6 6. e4 Nbd7 7. cxb5 Bg7 8. 
Nc3 O-O 9. Bd3 Ng4 10. Bf4 Nge5 11. Nxe5 Nxe5 12. Be2 f5 13. O-O fxe4 14. 
Bxe5 Bxe5 15. Nxe4 Bb7 16. Rad1 Qa5 17. Nc3 Bc8 18. a4 Qb4 19. Ne4 Bf5 20.
 Bd3 c4 21. Be2 c3 22. f3 cxb2 23. g4 Rac8 24. Qb1 Bxe4 25. fxe4 Rxf1+ 26.
 Rxf1 Qd2 0-1

[Event "Premier Quad, S40369"]
[Site "CCLA"]
[Date "2014.11.03"]
[Round "?"]
[White "Disque, Philip"]
[Black "Stevens, Daniel L."]
[Result "0-1"]
[WhiteElo "1669"]
[BlackElo "1771"]

1. d4 Nf6 2. Nf3 g6 3. c4 c5 4. d5 b5 5. cxb5 a6 6. bxa6 Bg7 7. Nc3 Bxa6 
8. g3 O-O 9. Bg2 d6 10. O-O Nbd7 11. Rb1 Ng4 12. Bd2 Nge5 13. Nxe5 Nxe5 
14. f4 Nc4 15. Bc1 Qd7 16. Rf3 Bb7 17. Rd3 Rfb8 18. a4 Ba6 19. Qc2 Na5 20.
 b3 Bxd3 21. exd3 Bd4+ 22. Kh1 Bxc3 23. Qxc3 Qg4 24. Bb2 f6 25. Qe1 Ra7 
26. h3 Qd7 27. Qe6+ Qxe6 28. dxe6 Rxb3 29. Bd5 Rb4 30. Kg2 Ra6 31. Bxf6 
Kf8 32. Re1 Nc6 33. Bc3 Rbxa4 34. Rb1 Nb4 35. Bc4 Rb6 36. f5 gxf5 37. Rf1 
Ke8 38. Rxf5 d5 39. Bg7 Kd8 40. Be5 Kc8 41. Rf8+ Kb7 42. Rb8+ Ka7 43. Bb5 
Ra2+ 44. Kf3 Rxb8 45. Bxb8+ Kxb8 0-1

[Event "Premier Quad, S40259"]
[Site "CCLA"]
[Date "2014.08.18"]
[Round "?"]
[White "Shannon, Paul D."]
[Black "Stevens, Daniel L."]
[Result "1-0"]
[WhiteElo "1832"]
[BlackElo "1771"]

1. d4 Nf6 2. c4 c5 3. d5 b5 4. cxb5 a6 5. bxa6 d6 6. Nc3 Bxa6 7. g3 g6 8. 
Bg2 Bg7 9. Nf3 O-O 10. O-O Nbd7 11. Re1 Qa5 12. e4 Ng4 13. Bd2 Rfb8 14. 
Qc2 Nge5 15. Nxe5 Nxe5 16. Nd1 Qd8 17. Bc3 Nd3 18. Re3 Nb4 19. Qd2 Bh6 20.
 f4 e5 21. Rf3 Bc8 22. a3 Bg4 23. Rf1 Bd7 24. Ne3 exf4 25. gxf4 Na6 26. 
Qf2 Bb5 27. Rfe1 Bd7 28. Qg3 Rb3 29. Nc4 Bg7 30. e5 dxe5 31. fxe5 Ra7 32. 
Rad1 Ba4 33. Rd2 Nb4 34. Qf2 Na6 35. Qf4 Nc7 36. Nd6 Nb5 37. Nxb5 Bxb5 38.
 d6 Ra4 39. Qf2 Bh6 40. Rdd1 Rg4 41. h3 Rg5 42. Kh1 Rxg2 43. Qxg2 Ba6 44. 
Qf2 Bg5 45. e6 fxe6 46. Rxe6 Bh4 47. Qe3 Kf7 48. Re5 Rb6 49. Qf4+ 1-0

[Event "Regular Quad, S40219"]
[Site "CCLA"]
[Date "2014.07.07"]
[Round "?"]
[White "Blankenship, Jerry T."]
[Black "Laven, George"]
[Result "0-1"]
[WhiteElo "1599"]
[BlackElo "1834"]

1. d4 Nf6 2. c4 e6 3. g3 c5 4. d5 exd5 5. cxd5 d6 6. e4 g6 7. Nc3 Bg7 8. 
Bf4 O-O 9. Bg2 Re8 10. Qc2 Nxe4 11. Nxe4 f5 12. f3 Nd7 13. Bxd6 fxe4 14. 
Ne2 exf3 15. Bxf3 Qf6 16. Bf4 Qxb2 17. Qxb2 Bxb2 18. Rb1 Bd4 19. Kd2 Be5 
20. Rhe1 Bxf4+ 21. Nxf4 Ne5 22. Be4 Bf5 23. Ne6 Bxe6 24. dxe6 Rad8+ 25. 
Kc2 b6 0-1

[Event "Regular Quad, S40219"]
[Site "CCLA"]
[Date "2014.07.07"]
[Round "?"]
[White "Blankenship, Jerry T."]
[Black "Stroup, Jim"]
[Result "0-1"]
[WhiteElo "1599"]
[BlackElo "1768"]

1. d4 Nf6 2. c4 e6 3. g3 c5 4. d5 exd5 5. cxd5 d6 6. e4 Be7 7. Nc3 O-O 8. 
Bg2 Qa5 9. Ne2 Nbd7 10. Bd2 Ne5 11. Bf4 Re8 12. O-O Bg4 13. Qc2 Rac8 14. 
h3 Bd7 15. Bxe5 dxe5 16. f4 Bd6 17. a4 a6 18. f5 Bf8 19. Qd2 h6 20. Kh2 c4
21. g4 Be7 22. Rfe1 Red8 23. Ng1 Bb4 24. Nf3 Qc5 25. g5 hxg5 26. Qxg5 Re8 
27. Nd2 Qb6 28. Re2 Be7 29. Qe3 Bc5 30. Qg3 Nh5 31. Qg4 Qxb2 32. Qxh5 Qxc3
33. Rb1 f6 34. Rxb7 Re7 35. Qg4 Bxa4 36. Rb1 Qc2 0-1

[Event "2014 Server Championship, S40029"]
[Site "CCLA"]
[Date "2014.01.27"]
[Round "?"]
[White "Anderson, Aaron J."]
[Black "Weiner, Jerry"]
[Result "1-0"]
[WhiteElo "2308"]
[BlackElo "2302"]

1. d4 Nf6 2. c4 e6 3. g3 c5 4. d5 exd5 5. cxd5 b5 6. Nf3 Bb7 7. e4 Nxe4 8.
 Bg2 Be7 9. O-O O-O 10. Re1 f5 11. Nc3 Nxc3 12. bxc3 Bf6 13. Rb1 d6 14. 
Rxb5 Bc8 15. Qc2 Nd7 16. Bf4 Nb6 17. h4 h6 18. Rbb1 g5 19. Bc1 Bd7 20. 
hxg5 hxg5 21. Bh3 g4 22. Bxg4 fxg4 23. Ng5 Rf7 24. Nxf7 Kxf7 25. Qh7+ Bg7 
26. Re4 Qh8 27. Rf4+ Ke7 28. Qg6 Be5 29. Rf7+ Kd8 30. a4 Kc7 31. a5 Nxd5 
32. Rxd7+ Kxd7 33. Qf7+ Ne7 34. Rb7+ Kc6 35. Qb3 Qe8 36. c4 d5 37. Bg5 1-0

[Event "2014 Server Championship, S40029"]
[Site "CCLA"]
[Date "2014.01.27"]
[Round "?"]
[White "Anderson, Aaron J."]
[Black "Horwitz, Daniel M."]
[Result "1-0"]
[WhiteElo "2308"]
[BlackElo "2335"]

1. d4 Nf6 2. c4 e6 3. g3 c5 4. d5 exd5 5. cxd5 d6 6. Nc3 g6 7. Bg2 Bg7 8. 
Nf3 O-O 9. O-O Re8 10. Bf4 Na6 11. Re1 Bf5 12. Nh4 Bd7 13. Nf3 b5 14. a3 
Nh5 15. Bg5 Qc8 16. Qd2 b4 17. axb4 Nxb4 18. e4 Bg4 19. Be3 a6 20. Ng5 Bd7
21. h3 h6 22. Nf3 Bxh3 23. Bxh6 Bh8 24. Kh2 Qg4 25. Rh1 Rab8 26. Kg1 Bxg2 
27. Kxg2 Bf6 28. Rae1 c4 29. e5 Bxe5 30. Rh4 Qf5 31. Ne4 Nd3 32. g4 Bc3 
33. gxf5 Nxe1+ 34. Nxe1 Bxd2 35. Bxd2 Re5 36. fxg6 fxg6 37. Nxd6 Rxd5 38. 
Nxc4 Rf8 39. Nf3 Rdf5 40. Nce5 Nf4+ 41. Kf1 Nd3 42. Nxd3 Rxf3 43. Rd4 R3f5
44. Bc3 g5 45. Rd6 a5 46. Ra6 1-0